00395nam a2200109Ia 4500008004100000020001800041100002100059245009000080260003900170650002600209856005000235171212s9999 xx 000 0 und d a9781925261042 aEdmonds, Phillip cEdmonds, PhillipaTilting at Windmillsbthe literary magazine in Australia, 1968-2012 bUniversity of Adelaide Pressc2015 aLanguage & Literature uhttp://jstor.org/stable/10.20851/j.ctt1sq5wf6